Plans in practice (Record no. 80980)
[ view plain ]
| 000 -LEADER | |
|---|---|
| fixed length control field | 01065cad a22002055a 4500 |
| 001 - CONTROL NUMBER | |
| control field | L145922 |
| 008 - FIXED-LENGTH DATA ELEMENTS--GENERAL INFORMATION | |
| fixed length control field | 081121s2008 xxk f 000 0 eng d |
| 035 ## - SYSTEM CONTROL NUMBER | |
| System control number | (Sirsi) u145922 |
| 041 0# - LANGUAGE CODE | |
| Language code of text/sound track or separate title | eng |
| 100 1# - MAIN ENTRY--PERSONAL NAME | |
| Personal name | Packham, Mike |
| 245 04 - TITLE STATEMENT | |
| Title | Plans in practice |
| Medium | [electronic resource] |
| 260 ## - PUBLICATION, DISTRIBUTION, ETC. | |
| Place of publication, distribution, etc. | London |
| Name of publisher, distributor, etc. | Redactivepublishing |
| Date of publication, distribution, etc. | 2008 |
| 490 ## - SERIES STATEMENT | |
| Series statement | FM World |
| Volume/sequential designation | October 2008 |
| 520 ## - SUMMARY, ETC. | |
| Summary, etc. | The final part of a three-part series. Looks at whole-life and life-cycle costing in practice. Focuses on some of the more practical issues that the life-cycle/whole-life cost modeller is likely to encounter. These fall into two distinct yet interrelated categories: those that derive from the supply chain and those that relate to the data itself. (See also L145920 and L145921). |
| 590 ## - LOCAL NOTE (RLIN) | |
| Local note | KA |
| 651 #4 - SUBJECT ADDED ENTRY--GEOGRAPHIC NAME | |
| Geographic name | United Kingdom |
| Chronological subdivision | |
| 690 ## - LOCAL SUBJECT ADDED ENTRY--TOPICAL TERM (OCLC, RLIN) | |
| Topical term or geographic name as entry element | MANAGEMENT-BUSINESS MANAGEMENT-COST MANAGEMENT-COST ANALYSIS-LIFE CYCLE COSTING |
| 856 40 - ELECTRONIC LOCATION AND ACCESS | |
| Uniform Resource Identifier | <a href="https://www.fm-world.co.uk/features/feature-articles/plans-in-practice/">https://www.fm-world.co.uk/features/feature-articles/plans-in-practice/</a> |
| Public note | View the article free of charge at www.fm-world.co.uk... |
| 942 ## - ADDED ENTRY ELEMENTS (KOHA) | |
| Suppress in OPAC | 0 |
| Withdrawn status | Lost status | Source of classification or shelving scheme | Damaged status | Not for loan | Home library | Current library | Shelving location | Date acquired | Total Checkouts | Full call number | Barcode | Date last seen | Copy number | Price effective from | Koha item type |
|---|---|---|---|---|---|---|---|---|---|---|---|---|---|---|---|
| Dewey Decimal Classification | Virtual | Virtual | Online | 21/11/2008 | ONLINE PUBLICATION | 145922-2001 | 06/08/2019 | 1 | 06/08/2019 | Journal article |